[Event "Playchess.de M274"]
[Site "?"]
[Date "2002.??.??"]
[Round "?"]
[White "Wolthuis, Henk"]
[Black "Lacrosse, Marc"]
[Result "1/2-1/2"]
[WhiteElo "2097"]
[BlackElo "2319"]

1. e4 c5 2. Nf3 e6 3. d4 cxd4 4. Nxd4 Bc5 5. Nb3 Bb6 6. Nc3 Ne7 7. Bg5 O-O
8. Qd6 Nbc6 9. Rd1 Bc7 10. Qa3 f6 11. Be3 d5 12. exd5 exd5 13. Bc4 Be6 14.
Nc5 Bf7 15. Nxb7 Qb8 16. Ba6 Bb6 17. Ne2 Bxe3 18. fxe3 Qc7 19. Nc5 Rab8 20.
Nd4 Nb4 21. Nd3 Nxc2+ 22. Nxc2 Qxc2 23. O-O Rfe8 24. Rc1 Qe2 25. Rce1 Qg4
26. Nf4 1/2-1/2

[Event "?"]
[Site "?"]
[Date "????.??.??"]
[Round "?"]
[White "?"]
[Black "Lacrosse, Marc"]
[Result "1/2-1/2"]
[WhiteElo "2219"]
[BlackElo "2341"]

1. e4 c5 2. Nf3 e6 3. d4 cxd4 4. Nxd4 Bc5 5. Nb3 Bb6 6. Nc3 Ne7 7. Bf4 d5
8. exd5 Nxd5 9. Nxd5 exd5 10. Bb5+ Nc6 11. O-O O-O 12. c3 Qf6 13. Bg3 a6
14. Bd3 Bf5 15. Qf3 Bxd3 16. Qxd3 Rfd8 17. Rad1 d4 1/2-1/2

[Event "Oberliga Nord W 0203"]
[Site "Germany"]
[Date "2002.??.??"]
[Round "7"]
[White "Oppitz, Peter"]
[Black "Jugelt, Tobias"]
[Result "1/2-1/2"]
[WhiteElo "2205"]
[BlackElo "2431"]

1. e4 e6 2. d4 c5 3. Nf3 cxd4 4. Nxd4 Bc5 5. Nb3 Be7 6. Nc3 Nc6 7. Bf4 d6
8. Qd2 e5 9. Be3 Be6 10. Be2 Nf6 11. O-O O-O 12. f4 exf4 13. Rxf4 d5 14.
exd5 Nxd5 15. Nxd5 Qxd5 16. Qxd5 Bxd5 17. Bc5 Rfe8 18. Bxe7 Rxe7 19. Bd3
Rd8 20. Nd4 g6 21. Nxc6 Bxc6 22. Raf1 f5 23. a3 Kg7 24. g4 fxg4 25. Rxg4
Rf7 26. Rxf7+ Kxf7 27. Kf2 Ke6 28. Ke3 Rf8 1/2-1/2

[Event "Playchess.de M223"]
[Site "?"]
[Date "2002.??.??"]
[Round "?"]
[White "NN, (Schwarzertod)"]
[Black "Lacrosse, Marc"]
[Result "1/2-1/2"]
[WhiteElo "2368"]
[BlackElo "2341"]

1. e4 c5 2. Nf3 e6 3. d4 cxd4 4. Nxd4 Bc5 5. Be3 Qb6 6. Nd2 Bxd4 7. Nc4
Qb4+ 8. c3 Bxc3+ 9. bxc3 Qxc3+ 10. Bd2 Qd4 11. Rc1 Ne7 12. Qf3 O-O 13. Be3
Qf6 14. Qxf6 gxf6 15. Nd6 Kg7 16. h4 Nbc6 17. Rh3 h6 18. Bd2 b6 19. Bc3 e5
20. Bc4 a5 21. Rb1 Ba6 22. Rg3+ Kh7 23. Bxf7 b5 24. Bb2 b4 25. Bb3 Nd8 26.
Rd1 Ne6 27. Nf5 1/2-1/2

[Event "Baden OL"]
[Site "?"]
[Date "2002.??.??"]
[Round "?"]
[White "Metz, Hartmut"]
[Black "Huber, Philipp"]
[Result "1-0"]
[WhiteElo "2330"]
[BlackElo "2250"]

1. e4 c5 2. Nf3 e6 3. d4 cxd4 4. Nxd4 Bc5 5. Nb3 Bb6 6. Nc3 Ne7 7. g3 Nbc6
8. Bg2 O-O 9. O-O f5 10. Qe2 fxe4 11. Nxe4 d5 12. Nec5 Qd6 13. Na4 Bd8 14.
Be3 b6 15. Nc3 Kh8 16. Rad1 Qe5 17. f4 Qf5 18. Rfe1 Qg6 19. Bf2 Nb4 20. Nd4
Nf5 21. Nf3 Nd6 22. Nd4 Bf6 23. a3 Bxd4 24. axb4 Bxf2+ 25. Qxf2 Bd7 26. Nb1
Rac8 27. c3 Ba4 28. Rd2 Rf6 29. Na3 Rcf8 30. Rde2 Bb3 31. Qd4 h6 32. Kh1
Qg4 33. Qe5 Nf5 34. Rf2 Rg6 35. Qe2 Qxe2 36. Rfxe2 Rd8 37. Rd2 Nd6 38. Bh3
Re8 39. Kg2 Rf6 40. Rd4 g5 41. Bg4 Ne4 42. Bf3 e5 43. fxe5 Rxe5 44. Re2
Ref5 45. Bxe4 dxe4 46. c4 e3 47. Rxe3 Rf2+ 48. Kh3 Ba4 49. b5 h5 50. Rd7
g4+ 51. Kh4 Rg6 52. Re8+ Rg8 53. Rxg8+ Kxg8 54. Kxh5 Rxh2+ 55. Kxg4 Rxb2
56. Rxa7 Bd1+ 57. Kf4 Rf2+ 58. Ke5 Rf3 59. Kd6 Rxg3 60. Kc7 Rg6 1-0

[Event "Playchess.de M223"]
[Site "?"]
[Date "2002.??.??"]
[Round "?"]
[White "Mazzanti, Raniero (ragno)"]
[Black "Lacrosse, Marc"]
[Result "1/2-1/2"]
[WhiteElo "2280"]
[BlackElo "2341"]

1. e4 c5 2. Nf3 e6 3. d4 cxd4 4. Nxd4 Bc5 5. Be3 Qb6 6. Nd2 Bxd4 7. Nc4
Qb4+ 8. c3 Bxc3+ 9. bxc3 Qxc3+ 10. Bd2 Qd4 11. Bb4 Qxd1+ 12. Rxd1 Nh6 13.
Nd6+ Kd8 14. f4 Nc6 15. Ba3 Rg8 16. Be2 f5 17. e5 Ng4 18. Bc1 Nb4 19. h3
Nh6 20. Kf2 Ke7 21. Ba3 a5 22. Nc4 b6 23. Nxb6 Ra7 24. Rd2 Rd8 25. Nc4 Kf7
26. Rb1 Ba6 27. Nd6+ Kg8 28. Bxb4 axb4 29. Rxb4 Bxe2 30. Kxe2 Rda8 31. Rb7
Nf7 32. Rxa7 Rxa7 33. Nc4 Ra4 34. Kd3 g5 35. g3 h5 36. Kc3 h4 37. gxh4 gxf4
38. Kb3 Ra7 39. Rf2 Rb7+ 40. Kc3 Rc7 41. Kb4 1/2-1/2

[Event "Hallsberg op U18"]
[Site "Hallsberg"]
[Date "2002.??.??"]
[Round "2"]
[White "Edlund, Robin"]
[Black "Jost, Sascha"]
[Result "0-1"]
[WhiteElo "2116"]
[BlackElo "2230"]

1. e4 c5 2. Nf3 e6 3. d4 cxd4 4. Nxd4 Bc5 5. Nc3 Qb6 6. Na4 Qa5+ 7. c3 Bxd4
8. Qxd4 Nf6 9. Nc5 Nc6 10. Qe3 O-O 11. Be2 d5 12. exd5 exd5 13. Nb3 Qc7 14.
Qf4 Qe7 15. Be3 Ne4 16. O-O Ne5 17. Bc5 Nxc5 18. Nxc5 Ng6 19. Qe3 Qxe3 20.
fxe3 b6 21. Nb3 Bb7 22. Nd4 Rfe8 23. Nf5 Rad8 24. Rae1 Ne5 25. Rf4 g6 26.
Nd4 Nc4 27. Bxc4 dxc4 28. e4 Re5 29. Nf3 Ra5 30. a3 Rb5 31. Re2 Rd1+ 32.
Kf2 Rb1 33. e5 R5xb2 34. Ng5 Rxe2+ 35. Kxe2 Bd5 36. Rd4 Rb5 37. g3 h6 38.
Ne4 Be6 39. Nf6+ Kg7 40. Re4 Bf5 41. Re3 Rb2+ 42. Kf3 Rxh2 43. g4 Bd3 44.
Kg3 Ra2 45. Ne8+ Kf8 46. Nd6 Rxa3 47. e6 fxe6 48. Rxe6 Rxc3 49. Kf4 Rc1 0-1

[Event "Budapest FS02 GM"]
[Site "Budapest"]
[Date "2002.02.02"]
[Round "1"]
[White "Medvegy, Zoltan"]
[Black "Sedlak, Nikola"]
[Result "1/2-1/2"]
[WhiteElo "2478"]
[BlackElo "2442"]

1. e4 c5 2. Nf3 e6 3. d4 cxd4 4. Nxd4 Bc5 5. Nb3 Bb6 6. Bd3 Ne7 7. O-O Nbc6
8. Nc3 O-O 9. Kh1 f5 10. f4 d5 11. exd5 exd5 12. Bd2 d4 13. Bc4+ Kh8 14.
Na4 Bc7 15. Nac5 Rf6 16. Qe2 b6 17. Na6 Bb7 18. Rae1 Bd6 19. Rf2 Ng8 20.
Qd3 Rh6 21. Kg1 Qh4 22. g3 Qh3 23. Qf1 Qxf1+ 24. Rfxf1 Rd8 25. a3 Nf6 26.
Re6 Bc8 27. Re2 Ne4 28. Nb4 Nxb4 29. Bxb4 Bb7 30. Bxd6 Rhxd6 31. Nd2 g6 32.
Nf3 Kg7 33. Ne5 Bd5 34. Bxd5 Rxd5 35. Rd1 Kf6 36. Kg2 a5 37. h4 a4 38. g4
Rxe5 39. fxe5+ Kxe5 40. gxf5 gxf5 41. Kf3 Rd5 42. Rg1 Rb5 43. Rg7 Rxb2 44.
Rxh7 Ra2 45. Re7+ Kf6 46. Rb7 Ke5 47. Re7+ Kf6 48. Rb7 Ke5 1/2-1/2

[Event "Herceg Novi Mimoza op"]
[Site "Herceg Novi"]
[Date "2002.02.04"]
[Round "4"]
[White "Nikac, Predrag"]
[Black "Nestorovic, Dejan"]
[Result "0-1"]
[WhiteElo "2346"]
[BlackElo "2410"]

1. e4 c5 2. Nf3 e6 3. d4 cxd4 4. Nxd4 Bc5 5. Nb3 Bb6 6. Bd3 Ne7 7. O-O O-O
8. Nc3 Nbc6 9. Kh1 f5 10. Bg5 h6 11. Bxe7 Nxe7 12. Qh5 fxe4 13. Nxe4 d5 14.
Ng5 Nf5 15. Nf3 Qf6 16. Bxf5 exf5 17. c3 Bd7 18. Nfd4 a5 19. Qf3 Qd6 20.
Qd3 f4 21. Rad1 Rad8 22. Nd2 Be8 23. Rfe1 Bg6 24. Qb5 Bxd4 25. cxd4 Qb4 26.
Qxb4 axb4 27. Re6 Kh7 28. Rb6 Rfe8 29. Rxb4 Re2 30. Nf3 Rc8 31. Ng1 Rxf2
32. Nh3 Rfc2 33. Nxf4 Be4 34. Rg1 Rf2 35. Nh3 Rxg2 36. Rxg2 Rc1+ 37. Ng1
Rc2 0-1

[Event "Budapest FS04 GM-A"]
[Site "Budapest"]
[Date "2002.04.02"]
[Round "5"]
[White "Fogarasi, Tibor"]
[Black "Markus, Robert"]
[Result "1/2-1/2"]
[WhiteElo "2445"]
[BlackElo "2477"]

1. e4 c5 2. Nf3 e6 3. d4 cxd4 4. Nxd4 Bc5 5. Nb3 Bb6 6. Bd3 Ne7 7. O-O Nbc6
8. Qe2 O-O 9. Be3 f5 10. Bxb6 Qxb6 11. exf5 Nxf5 12. Bxf5 Rxf5 13. c4 d5
14. Nc3 d4 15. Ne4 e5 16. c5 Qa6 17. Qxa6 bxa6 18. Nd6 Rf8 19. Nd2 Be6 20.
b3 a5 1/2-1/2

[Event "AUT-chT qual 02"]
[Site "Absam"]
[Date "2002.04.12"]
[Round "2"]
[White "Schmittdiel, Eckhard"]
[Black "Bukal, Vladimir Jr"]
[Result "1-0"]
[WhiteElo "2475"]
[BlackElo "2393"]

1. e4 c5 2. Nf3 e6 3. d4 cxd4 4. Nxd4 Bc5 5. Nb3 Bb6 6. Nc3 Ne7 7. Bd3 Nbc6
8. Qh5 Ng6 9. O-O O-O 10. Na4 Bc7 11. f4 d5 12. Nc3 Bb6+ 13. Kh1 f5 14.
exd5 exd5 15. a3 Nce7 16. Na4 Bc7 17. Nd4 Kh8 18. Be3 Ng8 19. Nxf5 Nf6 20.
Qe2 Ne4 21. Ng3 Re8 22. Nxe4 dxe4 23. Bb5 Rf8 24. Nc3 Qh4 25. g3 Qh3 26.
Qg2 a6 27. Bc4 Qxg2+ 28. Kxg2 Bg4 29. Bd5 Bf3+ 30. Kg1 Rad8 31. Rae1 Rfe8
32. b4 Ne7 33. Bxe4 Bxe4 34. Nxe4 Nf5 35. Bf2 h6 36. Nc5 Rxe1 37. Rxe1 Rd2
38. c4 Rc2 39. Re8+ Kh7 40. Ne6 Rc1+ 41. Kg2 Bd6 42. c5 Be7 43. Nd4 Nxd4
44. Rxe7 1-0

[Event "Roemer op 2nd"]
[Site "Rommelshausen"]
[Date "2002.06.28"]
[Round "3"]
[White "Istvandi, Lajos"]
[Black "Bronznik, Valerij"]
[Result "1-0"]
[WhiteElo "2288"]
[BlackElo "2407"]

1. e4 c5 2. Nf3 e6 3. d4 cxd4 4. Nxd4 Bc5 5. Nb3 Bb6 6. Nc3 Ne7 7. Bf4 d5
8. exd5 exd5 9. Qf3 Nbc6 10. O-O-O O-O 11. Nxd5 Nxd5 12. Rxd5 Qf6 13. Kb1
Nb4 14. Rd6 Be6 15. Qe4 Nd5 16. Bd3 Qh4 17. g3 Qh5 18. g4 Qg6 19. Rxd5 Bxd5
20. Qxd5 Qxg4 21. Bg3 Qc8 22. h4 Qc6 23. Be4 Qxd5 24. Bxd5 Rad8 25. Bxb7 f5
26. h5 f4 27. Bh4 Rd7 28. Bf3 a5 29. c4 a4 30. Bc6 Ra7 31. Bd5+ Kh8 32. Nd2
Rb8 33. Kc2 Bd4 34. Rb1 Re8 35. Kd3 Be5 36. Re1 1-0

[Event "Senta op"]
[Site "Senta"]
[Date "2002.07.19"]
[Round "2"]
[White "Lazor, Vladimir"]
[Black "Tadic, Branko"]
[Result "0-1"]
[WhiteElo "2226"]
[BlackElo "2465"]

1. e4 c5 2. Nf3 e6 3. d4 cxd4 4. Nxd4 Bc5 5. Nb3 Bb6 6. Bd3 Ne7 7. Nc3 O-O
8. Qe2 Nbc6 9. Be3 f5 10. Bxb6 Qxb6 11. exf5 Nxf5 12. O-O d5 13. Kh1 Bd7
14. Rae1 Rf6 15. f4 Ng3+ 0-1

[Event "Dotzheim op 1st"]
[Site "Dotzheim"]
[Date "2002.08.24"]
[Round "4"]
[White "Emich, Alfred"]
[Black "Bronznik, Valerij"]
[Result "0-1"]
[WhiteElo "2104"]
[BlackElo "2399"]

1. e4 e6 2. d4 c5 3. Nf3 cxd4 4. Nxd4 Bc5 5. Nb3 Bb6 6. Bd3 Ne7 7. O-O O-O
8. Bf4 f5 9. Bd6 f4 10. c4 Nbc6 11. N1d2 Bc7 12. c5 Bxd6 13. cxd6 Ng6 14.
Nf3 Qf6 15. Qe2 Nge5 16. Nbd4 Nb4 17. Bb1 b6 18. Qd2 Nbc6 19. Nxc6 Nxc6 20.
Re1 Ne5 21. Nxe5 Qxe5 22. a4 f3 23. Ra3 Bb7 24. gxf3 Rf4 25. h3 Raf8 26.
Kg2 Qh5 27. Qe2 R8f6 28. Rh1 Ba6 29. Qxa6 Rxf3 30. Kf1 Rxa3 31. bxa3 Qd1+
0-1

[Event "ARG-ch Superior"]
[Site "Buenos Aires"]
[Date "2002.09.15"]
[Round "3"]
[White "Della Morte, Pablo"]
[Black "Dolezal, Cristian"]
[Result "0-1"]
[WhiteElo "2333"]
[BlackElo "2390"]

1. e4 c5 2. Nf3 e6 3. d4 cxd4 4. Nxd4 Bc5 5. Nb3 Bb6 6. Nc3 Ne7 7. e5 Nbc6
8. f4 Nf5 9. Qf3 d6 10. exd6 O-O 11. Bd2 Ncd4 12. Qd3 Qh4+ 13. g3 Qh5 14.
Nxd4 Nxd4 15. Be2 Nxe2 16. Qxe2 Qxe2+ 17. Kxe2 Rd8 18. Nb5 Bd7 19. Na3 Bc5
20. b4 Bxd6 21. c4 a5 22. c5 Be7 23. Rab1 Bc6 24. Rhc1 axb4 25. Bxb4 Rd4
26. Rc3 Ra4 27. Nc2 Rxa2 28. Ke3 Re4+ 29. Kd3 f5 30. Kd2 e5 31. fxe5 Bg5+
32. Kd1 Be8 33. Ne1 Rd2+ 0-1

[Event "EUCup 18th"]
[Site "Halkidiki"]
[Date "2002.09.22"]
[Round "7"]
[White "Areshchenko, Alexander"]
[Black "Ivanisevic, Ivan"]
[Result "0-1"]
[WhiteElo "2533"]
[BlackElo "2550"]

1. e4 c5 2. Nf3 e6 3. d4 cxd4 4. Nxd4 Bc5 5. Nb3 Bb6 6. Nc3 Ne7 7. Qe2 O-O
8. Be3 Nbc6 9. O-O-O f5 10. Bxb6 Qxb6 11. exf5 Rxf5 12. Rd2 d5 13. g3 Re5
14. Qd1 a5 15. f4 Re3 16. a4 Bd7 17. Bb5 Be8 18. Re1 Nf5 19. Rxe3 Nxe3 20.
Qg1 Bg6 21. Nd1 d4 22. Bxc6 Nxc2 23. Bb5 Qc7 24. Kb1 Na3+ 25. Ka2 Nxb5 26.
Nxd4 Qc4+ 27. b3 Qc1 0-1

[Event "Najdorf mem op"]
[Site "Buenos Aires"]
[Date "2002.09.23"]
[Round "3"]
[White "Pedro, Fernando"]
[Black "Dolezal, Cristian"]
[Result "0-1"]
[WhiteElo "2259"]
[BlackElo "2390"]

1. e4 c5 2. Nf3 e6 3. d4 cxd4 4. Nxd4 Bc5 5. Nb3 Bb6 6. Nc3 Ne7 7. Bc4 O-O
8. O-O Nbc6 9. Bf4 a6 10. Bd6 Bc7 11. a4 b6 12. f4 Bb7 13. Qd2 Rc8 14. Be2
Bxd6 15. Qxd6 Rc7 16. f5 Kh8 17. Rad1 Nc8 18. Qf4 N6e7 19. Rd3 exf5 20.
exf5 Ng8 21. Rg3 Nf6 22. Qg5 Rg8 23. Rf4 Nd6 24. Bd3 Qe8 25. Rh4 Qe1+ 26.
Bf1 Rxc3 27. bxc3 Nde4 28. Qe3 Qd1 29. Rgh3 Re8 30. Nd4 Kg8 31. Qd3 Qc1 32.
Qe3 Nd2 33. Qf2 Nxf1 34. Nb3 Qd1 35. Rd3 Nd2+ 0-1

[Event "Bayern-chI Bank Hofmann 6th"]
[Site "Bad Wiessee"]
[Date "2002.11.02"]
[Round "8"]
[White "Becker, Jared"]
[Black "Hellmayr, Alois"]
[Result "1/2-1/2"]
[WhiteElo "2106"]
[BlackElo "2248"]

1. e4 c5 2. Nf3 e6 3. d4 cxd4 4. Nxd4 Bc5 5. Nc3 Qb6 6. Na4 Qa5+ 7. c3 Bxd4
8. Qxd4 Nf6 9. Nc5 O-O 10. Nb3 Qc7 11. Bg5 Nc6 12. Qe3 Ng4 13. Qf4 Nge5 14.
Qg3 f6 15. Bf4 b6 16. O-O-O Bb7 17. Bb5 a6 18. Bxe5 fxe5 19. Bxc6 Bxc6 20.
Qe3 a5 21. f3 d5 22. exd5 exd5 23. Rhe1 Rfe8 24. g3 Rac8 25. Kb1 Qb7 26. f4
a4 27. Na1 d4 28. Qd3 dxc3 29. bxc3 exf4 30. Qc4+ Kh8 31. Qxf4 Be4+ 32. Nc2
Qc6 33. Re3 Bg6 34. Kc1 Rf8 35. Qd6 Qc4 36. Qd5 Qc7 37. Qd6 Qf7 38. Qd5 Qf2
39. Qd2 Qf5 40. Na3 Qc5 41. Nc2 Qf5 42. Na3 h6 43. Qd5 Qf6 44. Qd4 Qf7 45.
Qd5 Qf2 46. Qd2 Rcd8 47. Qxf2 Rxd1+ 48. Kxd1 Rxf2 49. Re6 Bh5+ 50. Kc1 Rxh2
51. Rxb6 Bf7 52. Rb8+ Kh7 53. Ra8 Rxa2 54. Rxa4 Rg2 55. Rf4 Bh5 56. c4 Rxg3
57. Nb5 g5 58. Rd4 Bf3 59. c5 h5 60. Rd7+ Kg8 61. Nd4 Bg2 62. Nf5 Rc3+ 63.
Kd2 Rxc5 64. Rg7+ Kf8 65. Rxg5 Be4 66. Rxh5 Bxf5 67. Ke3 Kf7 68. Kd4 Ra5
69. Rh6 Bg6 70. Rh8 Ke6 71. Rb8 Rd5+ 72. Ke3 Ke5 73. Rg8 Rd3+ 74. Ke2 Bf5
75. Re8+ Kf4 76. Rf8 Rc3 77. Kd2 Rc2+ 78. Kd1 Ra2 79. Kc1 Rc2+ 80. Kd1 Rh2
81. Kc1 Rf2 82. Re8 Rh2 83. Rf8 Ke5 84. Rd8 Ra2 85. Rd2 Ra1+ 86. Kb2 Rb1+
87. Kc3 1/2-1/2

[Event "Hotel Opatija GM"]
[Site "Rijeka"]
[Date "2002.11.22"]
[Round "9"]
[White "Rogic, Davor"]
[Black "Loncar, Robert"]
[Result "1/2-1/2"]
[WhiteElo "2496"]
[BlackElo "2439"]

1. e4 c5 2. Nf3 e6 3. d4 cxd4 4. Nxd4 Bc5 5. Nb3 Bb6 6. Nc3 Ne7 7. Bf4 d5
8. exd5 exd5 9. Bb5+ Nbc6 10. O-O O-O 11. Na4 Bc7 12. Qd2 Bxf4 13. Qxf4 Ng6
14. Qg3 Qf6 15. Rad1 Nce7 16. Qc3 Qg5 17. Nd4 Nf5 18. Nf3 Qh5 19. Qd2 h6
20. Nc3 Be6 21. Ne2 Ngh4 22. Nxh4 Qxh4 23. Qf4 Qf6 24. Nd4 Qg6 25. Bd3 Nxd4
26. Qxd4 Bf5 27. Qxd5 Bxd3 28. Qxd3 Qb6 29. Qb3 Qxb3 30. axb3 Rfd8 31. f3
Rac8 32. c3 Kf8 33. Kf2 a6 34. b4 Ke7 35. Ke3 h5 36. Rd4 Rxd4 37. Kxd4 Kd6
38. Re1 f6 39. c4 Rd8 40. Kc3 Rc8 41. f4 h4 42. Kd4 g6 43. Re3 Rh8 44. Ke4
Rc8 45. b3 f5+ 46. Kd4 Rh8 47. Re5 h3 48. g3 Rc8 49. c5+ Kd7 50. Rd5+ Kc7
51. Ke5 Re8+ 52. Kf6 Re2 53. Kxg6 Rxh2 54. Kxf5 Rg2 55. Kg4 h2 56. Rh5 Kd7
57. Kf5 Rxg3 58. Rxh2 Rxb3 59. Rh7+ Kc8 60. Ke6 Rxb4 61. f5 Rc4 62. Kd6
Rd4+ 63. Ke5 Rc4 64. Kd5 Rf4 65. Rf7 a5 66. f6 a4 67. Ke5 Rf1 68. Rf8+ Kd7
69. Ra8 Re1+ 70. Kf5 Rf1+ 71. Ke5 Re1+ 72. Kf5 1/2-1/2

[Event "Honour to National Resistance,"]
[Site "Honour to National Resistance"]
[Date "2003.??.??"]
[Round "9.22"]
[White "Trabert, Bettina"]
[Black "Sklavounos, Panayotis"]
[Result "1-0"]
[WhiteElo "2310"]
[BlackElo "2083"]

1. e4 c5 2. Nf3 e6 3. d4 cxd4 4. Nxd4 Bc5 5. Nb3 Bb4+ 6. Nc3 Nc6 7. Bd3 d5
8. exd5 Qxd5 9. O-O Bxc3 10. bxc3 Nge7 11. c4 Qd8 12. Bb2 O-O 13. Qh5 Ng6
14. f4 Qb6+ 15. c5 Qc7 16. Rf3 e5 17. fxe5 Be6 18. Kh1 Rad8 19. Re1 Nb4 20.
Be4 Nd5 21. Ref1 Qc8 22. a3 Nde7 23. Re1 Nc6 24. Rf2 Rd7 25. Rf3 Rdd8 26.
Rd3 Rxd3 27. cxd3 Rd8 28. Rf1 Nce7 29. d4 Nd5 30. Nd2 Ne3 31. Rf3 Nc4 32.
Nxc4 Bxc4 33. h3 Be2 34. Qf5 Bxf3 35. Qxf3 b6 36. c6 Qc7 37. a4 a5 38. Qc3
Ne7 39. Qc4 Ng6 40. Bxg6 hxg6 41. d5 Qe7 42. d6 Rxd6 43. exd6 Qxd6 44. Bd4
Qc7 45. Qd5 Qf4 46. Be5 Qf1+ 47. Kh2 Kh7 1-0

[Event "Playchess.de M299"]
[Site "?"]
[Date "2003.??.??"]
[Round "?"]
[White "NN, (Goodknight)"]
[Black "Lacrosse, Marc"]
[Result "1/2-1/2"]
[WhiteElo "2271"]
[BlackElo "2303"]

1. e4 c5 2. Nf3 e6 3. d4 cxd4 4. Nxd4 Bc5 5. Nb3 Bb6 6. Nc3 Ne7 7. Bf4 d5
8. exd5 exd5 9. Bb5+ Nbc6 10. Na4 O-O 11. O-O Bc7 12. Bxc7 Qxc7 13. Re1 Bf5
14. Bxc6 Nxc6 15. Nc3 Qd8 16. Rc1 Be6 17. Nb5 Qb6 18. N5d4 a5 19. a4 Rfe8
20. Nb5 Bf5 21. Qxd5 Bxc2 22. Nc5 Nb4 23. Qd6 Rxe1+ 24. Rxe1 Qxd6 25. Nxd6
b6 26. Nd7 Nd5 27. Nc4 Bxa4 28. Ndxb6 Nxb6 29. Nxb6 Re8 30. Rxe8+ Bxe8
1/2-1/2

[Event "Playchess.de M446"]
[Site "?"]
[Date "2003.??.??"]
[Round "?"]
[White "Holger, Ludwig (hkl)"]
[Black "Lacrosse, Marc"]
[Result "0-1"]
[WhiteElo "2102"]
[BlackElo "2353"]

1. e4 c5 2. Nf3 e6 3. d4 cxd4 4. Nxd4 Bc5 5. Be3 Qb6 6. Nc3 Nc6 7. Ncb5 Nf6
8. Nxc6 Bxe3 9. Nd6+ Kf8 10. fxe3 Qxe3+ 11. Qe2 Qxe2+ 12. Bxe2 dxc6 13. Rf1
e5 14. Bc4 b5 15. Bb3 Be6 16. O-O-O Rd8 17. Nf5 Rxd1+ 18. Rxd1 Bxb3 19.
Rd8+ Ne8 20. axb3 g6 21. Nh6 Ke7 22. Ra8 Rf8 23. Rxa7+ Ke6 24. Kd2 Nd6 25.
Ke3 Nc8 26. Ra6 Ne7 27. g4 f6 28. h4 Rd8 29. Ra1 f5 30. gxf5+ gxf5 31.
exf5+ Nxf5+ 32. Nxf5 Kxf5 0-1

[Event "NRW-Liga I"]
[Site "Germany"]
[Date "2003.01.05"]
[Round "4.8"]
[White "Koenig, Christian"]
[Black "Schmidt, Martin"]
[Result "0-1"]
[WhiteElo "2139"]
[BlackElo "2216"]

1. e4 e6 2. d4 c5 3. Nf3 cxd4 4. Nxd4 Bc5 5. Nb3 Bb6 6. Bd3 Ne7 7. Nc3 O-O
8. Bg5 Nbc6 9. Qh5 Ne5 10. Be2 f6 11. Bd2 d5 12. Rf1 Bd7 13. f4 Nc4 14.
Bxc4 dxc4 15. Nc1 f5 16. N1e2 Bc6 17. Ng3 Bc5 18. O-O-O b5 19. exf5 exf5
20. Qe2 Qb6 21. Rde1 b4 22. Qxc4+ Kh8 23. Nh5 Rad8 24. Qe6 Ng6 25. Nd1 Bxg2
26. Qxb6 axb6 27. Rg1 Bxg1 28. Rxg1 Bf3 29. Ng3 Bxd1 30. Rxd1 Rd4 31. Rf1
Ne7 32. Ne2 Rc4 33. b3 Rc7 34. Bxb4 Ra8 35. Kb2 Nd5 36. Bd2 Re8 37. Ng3 g6
38. c4 Ne3 39. Re1 Rce7 40. Bc3+ Kg8 41. Rg1 Rd7 42. Nh5 Rd1 43. Nf6+ Kf7
44. Rxd1 Nxd1+ 45. Kc2 Rd8 46. Nd5 Nxc3 47. Kxc3 b5 48. Kb4 bxc4 49. Kxc4
Ke6 50. Nb6 Kd6 51. a4 Kc6 52. a5 Rd2 53. b4 Rc2+ 54. Kb3 Rxh2 55. Ka4 Ra2+
56. Kb3 Rf2 57. Na4 Rf3+ 58. Nc3 h5 59. b5+ Kc5 60. a6 Kb6 61. Kc4 Rxc3+
0-1

[Event "Villa Ballester op 53th"]
[Site "Villa Ballester"]
[Date "2003.01.15"]
[Round "6"]
[White "Zuriel, Marisa"]
[Black "Dolezal, Cristian"]
[Result "1-0"]
[WhiteElo "2227"]
[BlackElo "2410"]

1. e4 c5 2. Nf3 e6 3. d4 cxd4 4. Nxd4 Bc5 5. Nb3 Bb6 6. Nc3 Ne7 7. Qh5 Nbc6
8. Bg5 O-O 9. O-O-O f6 10. Bh4 a6 11. Kb1 Qe8 12. Qe2 Bc7 13. Bg3 Ne5 14.
f4 Nf7 15. Qd2 b5 16. Bd3 Bb6 17. e5 f5 18. Bf2 Bxf2 19. Qxf2 Bb7 20. Rhg1
Bc6 21. g4 fxg4 22. Rxg4 Nxe5 23. Bxh7+ Kxh7 24. Qh4+ Kg8 25. fxe5 Bf3 26.
Rdg1 Bxg4 27. Qxg4 Nf5 28. Ne4 Qe7 29. Qg6 Qh4 30. Nf6+ Kh8 31. Rg5 Rxf6
32. exf6 Kg8 33. Rxf5 Qh6 34. Rg5 Qxg6 35. Rxg6 Kf7 36. Rxg7+ Kxf6 37. Rxd7
Rh8 38. Ra7 1-0

[Event "Serbia-ch"]
[Site "Dimitrovgrad"]
[Date "2003.02.28"]
[Round "3"]
[White "Vuckovic, Bojan"]
[Black "Nestorovic, Dejan"]
[Result "1-0"]
[WhiteElo "2495"]
[BlackElo "2397"]

1. e4 c5 2. Nf3 e6 3. d4 cxd4 4. Nxd4 Bc5 5. Be3 Nf6 6. Nc3 d6 7. Qe2 a6 8.
O-O-O Qc7 9. g4 b5 10. g5 Nfd7 11. Qh5 Nb6 12. Bxb5+ axb5 13. Ndxb5 Qe7 14.
Bxc5 dxc5 15. Nd6+ Kf8 16. Nxf7 g6 17. Qf3 Qxf7 18. Rd8+ Kg7 19. Qxf7+ Kxf7
20. Rxh8 Kg7 21. Rd8 N8d7 22. Rd1 Kf7 23. Rd3 Ke7 24. Rg8 Kf7 25. Rh8 Kg7
26. Rd8 Ne5 27. Rg3 Nbd7 28. Nb5 Nf7 29. Re8 Bb7 30. Re7 Bc6 31. Nc7 Rc8
32. Nxe6+ Kg8 33. Rc3 Nd6 34. Nxc5 Nb5 35. Nxd7 Nxc3 36. bxc3 1-0

[Event "Belgrade (Women) 36th"]
[Site "Belgrade"]
[Date "2003.03.05"]
[Round "5"]
[White "Blimke, Dalia"]
[Black "Kalevic, Sanja"]
[Result "1/2-1/2"]
[WhiteElo "2231"]
[BlackElo "2291"]

1. e4 c5 2. Nf3 e6 3. d4 cxd4 4. Nxd4 Bc5 5. Be3 Qb6 6. c3 Nc6 7. Nd2 Nxd4
8. Nc4 Qc6 9. Bxd4 Qxe4+ 10. Be2 Be7 11. O-O Nf6 12. Bf3 Qh4 13. Qa4 O-O
14. Nb6 axb6 15. Qxa8 d5 16. Qb8 Nd7 17. Qg3 Qh6 18. Rfe1 Nc5 19. Qc7 Qg5
20. Re5 f5 21. Bxc5 Bxc5 22. b4 Qe7 23. Qxe7 Bxe7 24. Bxd5 Rf6 25. Re2 Bd6
26. Bc4 Kf8 27. Rd1 Ke7 28. Bd5 Kd7 29. Bf3 Kc7 30. a3 e5 31. Bd5 Bd7 32.
c4 Ba4 33. Rc1 e4 34. g3 Be5 35. Kg2 Rd6 36. f3 exf3+ 37. Kxf3 Bf6 38. Rce1
b5 39. Re6 Rd8 40. Re8 Rxe8 41. Rxe8 bxc4 42. Re1 c3 43. Bc4 c2 44. Rc1 Bb2
45. Bb5 Bb3 46. Bc4 Ba4 47. Bb5 Bxc1 48. Bxa4 Bxa3 49. Bxc2 Bxb4 50. Bxf5
g6 51. Bc2 Kd6 52. Ke4 Be1 53. Bb3 g5 54. Kf5 Bd2 55. h4 gxh4 56. gxh4 Kc5
57. Ke4 1/2-1/2

[Event "Playchess.de M352"]
[Site "?"]
[Date "2003.04.??"]
[Round "?"]
[White "NN, (RB)"]
[Black "Lacrosse, Marc"]
[Result "1/2-1/2"]
[WhiteElo "2144"]
[BlackElo "2352"]

1. e4 c5 2. Nf3 e6 3. d4 cxd4 4. Nxd4 Bc5 5. Nb3 Bb6 6. Nc3 Ne7 7. Bc4 O-O
8. O-O f5 9. Bf4 Bc7 10. Bd6 Bxd6 11. Qxd6 fxe4 12. Nd4 Nbc6 13. Nxc6 bxc6
14. Rad1 Qe8 15. g4 h5 16. Nxe4 hxg4 17. Ng3 Ng6 18. Rd4 Qe7 19. Qxe7
1/2-1/2

[Event "Playchess.de M352"]
[Site "?"]
[Date "2003.04.??"]
[Round "?"]
[White "NN, (Goodknight)"]
[Black "Lacrosse, Marc"]
[Result "0-1"]
[WhiteElo "2232"]
[BlackElo "2352"]

1. e4 c5 2. Nf3 e6 3. d4 cxd4 4. Nxd4 Bc5 5. Nb3 Bb6 6. Nc3 Ne7 7. Bf4 d5
8. Qf3 Nbc6 9. Qg3 O-O 10. O-O-O d4 11. Nb5 e5 12. Bxe5 Nxe5 13. Qxe5 Nc6
14. Qg3 Be6 15. f4 a6 16. Na3 Re8 17. e5 f6 18. Bc4 fxe5 19. Rhe1 Bc7 20.
Bxe6+ Rxe6 21. Nc5 Rh6 22. f5 Qd5 23. Ne6 Rxe6 24. c4 Qd6 25. fxe6 Qxe6 26.
Qd3 Bd6 27. Nc2 b5 28. c5 Bxc5 29. Qe4 Rc8 30. Kb1 a5 31. Rd3 a4 32. Re2
Rd8 33. Rh3 g6 34. Rf3 Qd5 35. Ne1 Nb4 36. Qxd5+ Rxd5 37. Nd3 Nxd3 38. Rxd3
Kf7 39. Kc2 Ke6 40. Rg3 Rd7 41. Kd3 Kd5 42. Rg4 a3 43. b3 Bd6 44. Rc2 Rf7
45. Rh4 b4 46. Re4 Rf1 47. Rce2 Rc1 48. Re1 Rc3+ 49. Kd2 d3 50. g3 Rc2+ 51.
Kxd3 Rxa2 52. R4e2 Rxe2 53. Kxe2 Bc5 54. Ra1 Bd4 55. Ra2 Bb2 56. Ke3 e4 57.
g4 g5 0-1

[Event "Schwarzwald op"]
[Site "Bad Wildbad"]
[Date "2003.04.05"]
[Round "8"]
[White "Toenniges, Thomas"]
[Black "Kozlov, Alexander"]
[Result "0-1"]
[WhiteElo "2128"]
[BlackElo "2233"]

1. e4 c5 2. Nf3 e6 3. d4 cxd4 4. Nxd4 Bc5 5. Nb3 Bb6 6. Nc3 Ne7 7. Bf4 d5
8. Nb5 O-O 9. Bd3 Nbc6 10. Qe2 a6 11. Na3 e5 12. exd5 exf4 13. dxc6 Nxc6
14. O-O-O Qf6 15. Nc4 Bc7 16. Ncd2 Ne5 17. Be4 Rd8 18. Kb1 Rb8 19. g4 Bxg4
20. f3 Bh3 21. c3 Bb6 22. Bc2 Be3 23. Ne4 Qe7 24. Nf2 Bg2 25. Ng4 Bxf3 26.
Bxh7+ Kf8 0-1